Name these Michaels - Statistics

General Stats
  • This quiz has been taken 161 times
  • The average score is 11 of 20
Answer Stats
Picture Hint Answer % Correct
Singer Michael Jackson
99%
Basketball Player Michael Jordan
95%
Swimmer Michael Phelps
87%
Professional Boxer Mike Tyson
86%
Actor Michael J Fox
72%
Comedian, Actor Mike Myers
68%
Actor Michael Douglas
64%
Formula 1 Driver Michael Schumacher
64%
US Vice President Mike Pence
64%
Actor Michael B Jordan
60%
Actor Michael Caine
60%
Singer Michael Bublé
58%
Actor Michael Keaton
52%
Actor Michael Cera
50%
Director Michael Bay
38%
Businessman, Mayor of NYC Michael Bloomberg
37%
Fashion Designer Michael Kors
25%
Singer Michael Bolton
23%
Baseball Player Mike Trout
21%
NZ Prime Minister Michael Joseph Savage
3%
No matching quizzes found
Score Distribution
Percent of People with Each Score
Percentile by Number Answered
Your Score History
You have not taken this quiz